Les fonds structurels européens (notice n° 1552613)
[ vue normale ]
| 000 -LEADER | |
|---|---|
| fixed length control field | 01584cam a2200277zu 4500 |
| 003 - CONTROL NUMBER IDENTIFIER | |
| control field | FRCYB45007893 |
| 005 - DATE AND TIME OF LATEST TRANSACTION | |
| control field | 20251020123007.0 |
| 008 - FIXED-LENGTH DATA ELEMENTS--GENERAL INFORMATION | |
| fixed length control field | 251020s2005 fr | o|||||0|0|||fre d |
| 020 ## - INTERNATIONAL STANDARD BOOK NUMBER | |
| International Standard Book Number | 9782844502445 |
| 035 ## - SYSTEM CONTROL NUMBER | |
| System control number | FRCYB45007893 |
| 040 ## - CATALOGING SOURCE | |
| Original cataloging agency | FR-PaCSA |
| Language of cataloging | fr |
| Transcribing agency | |
| Description conventions | rda |
| 100 1# - MAIN ENTRY--PERSONAL NAME | |
| Personal name | Plénet, Claude |
| 245 01 - TITLE STATEMENT | |
| Title | Les fonds structurels européens |
| Remainder of title | Le cas de la Guyane |
| Statement of responsibility, etc. | ['Plénet, Claude'] |
| 264 #1 - PRODUCTION, PUBLICATION, DISTRIBUTION, MANUFACTURE, AND COPYRIGHT NOTICE | |
| Name of producer, publisher, distributor, manufacturer | Ibis Rouge |
| Date of production, publication, distribution, manufacture, or copyright notice | 2005 |
| 300 ## - PHYSICAL DESCRIPTION | |
| Extent | p. |
| 336 ## - CONTENT TYPE | |
| Content type code | txt |
| Source | rdacontent |
| 337 ## - MEDIA TYPE | |
| Media type code | c |
| Source | rdamdedia |
| 338 ## - CARRIER TYPE | |
| Carrier type code | c |
| Source | rdacarrier |
| 520 ## - SUMMARY, ETC. | |
| Summary, etc. | Véritable outil de développement local, les fonds structurels européens restent encore méconnus du grand public. Pourtant, l'intervention européenne en matière de financement est une pratique de plus en plus répandue dans nos Régions. L'Europe dénombre au total sept Régions d'outre-mer inscrites dans l'Objectif 1 des fonds structurels qui ont pour but d'aider les Régions en retard de développement. La France en possède 4 (Guadeloupe, Guyane, Martinique, la Réunion) à elle seule. Ces Régions françaises représentent une population totale de 1,6 million d'habitants. L'auteur analyse l'articulation des fonds structurels européens dans la lutte contre les inégalités, la mise en place du docup 2000-2006 en Guyane et son impact sur le territoire face aux enjeux à venir. |
| 650 #0 - SUBJECT ADDED ENTRY--TOPICAL TERM | |
| Topical term or geographic name entry element | |
| 700 0# - ADDED ENTRY--PERSONAL NAME | |
| Personal name | Plénet, Claude |
| 856 40 - ELECTRONIC LOCATION AND ACCESS | |
| Access method | Cyberlibris |
| Uniform Resource Identifier | <a href="https://international.scholarvox.com/netsen/book/45007893">https://international.scholarvox.com/netsen/book/45007893</a> |
| Electronic format type | text/html |
| Host name | |
Pas d'exemplaire disponible.




Réseaux sociaux